| 000 | 00882cab a2200265 4500 | ||
|---|---|---|---|
| 001 | ABS51047 | ||
| 008 | 090401t1994 xxu||||| |||| 00| 0 eng d | ||
| 035 | _a(Sirsi) u6684 | ||
| 041 | _aeng | ||
| 100 | _aClarke, A. | ||
| 245 | _aNew DoE guidance on discharge pipes(AD G3) | ||
| 260 | _c1994 | ||
| 350 | _a0 | ||
| 490 |
_aBuilding Engineer _v69(6) July 1994, 10-11(2) |
||
| 520 | _aGives additional guidance to Approved Document G3 para 3.9: Discharge Pipes, in relation to unvented hot water systems. Question and answer format. | ||
| 650 | _aAPPROVED DOCUMENT G3 PARAGRAPH 3.9 | ||
| 650 |
_aBUILDING REGULATIONS _96224 |
||
| 650 | _aDISCHARGE PIPES | ||
| 650 | _aHOT WATER SYSTEMS | ||
| 650 | _aUNVENTED HOT WATER SYSTEMS | ||
| 690 | _aBUILT ENVIRONMENT-BUILDING MATERIALS | ||
| 690 | _aBUILDING AND CONSTRUCTION-REGULATIONS | ||
| 942 | _n0 | ||
| 948 | _c04/03/1997 | ||
| 999 |
_c3982 _d3982 |
||